000 00552nam a2200157 i 4500
001 bg
245 1 0 _aĆwiczenia laboratoryjne z inżynierii chemicznej :
_bpraca zbiorowa.
_nCz. 1,
_pĆwiczenia laboratoryjne z inżynierii procesów mechanicznych /
_cpod red. Mirosława Bądzyńskiego, Wojciecha Korpala.
260 _aBydgoszcz,
_c1979.
700 1 _aBądzyński, Mirosław.
_eRed.
700 1 _aKorpala, Wojciech.
_eRed.
040 _cBPK
041 _apol
080 _a66.01(075.8)(076)
942 _cKS
008 s pl f |000 0 pol
999 _c18393
_d18393
856 _uhttp://koha.tu.koszalin.pl/cgi-bin/koha/opac-detail.pl?biblionumber=18393
_yKatalog online BPK